000 00291nam a2200121Ia 4500
005 20260326235443.0
008 260326s9999||||xx |||||||||||||| ||und||
100 _aDunlop, Beth
245 0 _aPlaces of worship /
_cBeth Dunlop
260 _bPhaidon
650 _aARQUITECTURA CIVIL
942 _cBK
999 _c7467
_d7467